| 000 | 01151nam a2200301 i 4500 | ||
|---|---|---|---|
| 001 | bg | ||
| 003 | KOSZ 005 | ||
| 005 | 20200630132820.0 | ||
| 008 | 080514s1964 pl a f 001 0 pol | ||
| 015 | _aPB 1964/6507 | ||
| 040 |
_aWA N _cKOSZ 005/RW _dKOSZ 005/RW |
||
| 041 | 1 |
_apol _hrus |
|
| 080 | _a517 | ||
| 100 | 1 |
_aDitkin, Vitalij Arsen'evič _d(1910- ). |
|
| 245 | 1 | 0 |
_aPrzekształcenia całkowe i rachunek operatorowy / _cW. A. Ditkin i A. P. Prudnikow ; tł. M. Mochnacki. |
| 246 | 1 |
_iTyt. oryg.: _aIntegral'nye preobrazovaniâ i operacionnoe isčislenie. |
|
| 260 |
_aWarszawa : _bPaństwowe Wydawnictwo Naukowe, _c1964. |
||
| 300 |
_a343, [1] s. : _bil. ; _c24 cm. |
||
| 380 | _aKsiążki. | ||
| 504 | _aBibliogr. s. [327]-336. Indeks. | ||
| 650 | 4 | _aRachunek operatorowy | |
| 650 | 4 | _aRachunek całkowy | |
| 700 | 1 | _aPrudnikov, Anatolij Platonovič. | |
| 700 | 1 |
_aMochnacki, Mirosław _d(1904-1970) _eTłumaczenie |
|
| 710 | 2 |
_aPaństwowe Wydawnictwo Naukowe _4pbl. |
|
| 856 |
_uhttp://koha.tu.koszalin.pl/cgi-bin/koha/opac-detail.pl?biblionumber=10857 _yKatalog online BPK |
||
| 942 |
_2UKD _cKS |
||
| 999 |
_c10857 _d10857 |
||